A Guide to Business Correspondence & Communication Skills (Record no. 75)

MARC details
000 -LEADER
fixed length control field 00411nam a2200157Ia 4500
008 - FIXED-LENGTH DATA ELEMENTS--GENERAL INFORMATION
fixed length control field 221030s9999 xx 000 0 und d
020 ## - INTERNATIONAL STANDARD BOOK NUMBER
ISBN 8121905893
041 ## - LANGUAGE CODE
Language code of text/sound track or separate title
082 ## - DEWEY DECIMAL CLASSIFICATION NUMBER
Classification number 105.23
Item number Kap
100 ## - MAIN ENTRY--AUTHOR NAME
Personal name A. N. Kapoor
245 #2 - TITLE STATEMENT
Title A Guide to Business Correspondence & Communication Skills
Statement of responsibility, etc by A. N. Kapoor
260 ## - PUBLICATION, DISTRIBUTION, ETC. (IMPRINT)
Name of publisher S.Chand & Co.
Place of publication New Delhi
Year of publication 2000
300 ## - PHYSICAL DESCRIPTION
Number of Pages 363
650 ## - SUBJECT ADDED ENTRY--TOPICAL TERM
Topical Term English
942 ## - ADDED ENTRY ELEMENTS (KOHA)
Koha item type Books
Holdings
Accession Number Cost, normal purchase price Full call number Price effective from Koha item type Withdrawn / writtenoff status Materials specified (bound volume or other part) Damaged status Not for loan Collection code Permanent Location Current Location Shelving location Date acquired Lost/ Missing status department
BE 5060 110.00 105.23 Kap 10/30/2022 Books   Print   Not For Loan   MIET Library, Jammu MIET Library, Jammu BL-Second, FL-1, CUP-57, SH-1, R-1 05/22/2002   BE
BE 5062 110.00 105.23 Kap 10/30/2022 Books   Print       MIET Library, Jammu MIET Library, Jammu BL-Academic Block A, FL-1, CUP-21, SH-3, R-3 05/22/2002   BE